1PLIKÉ140-Lopsa story - Statistiques

Statistiques générales
  • Ce quiz a été pris 118 fois
  • Le résultat moyen est 337 sur 499
Statistiques - réponses
Réponse % Correct
a
98%
à
98%
au
98%
elle
98%
elle
98%
un
98%
une
98%
si
97%
aussi
95%
c'est
95%
comme
95%
la
95%
plus
95%
son
95%
c'était
93%
de
93%
grand
93%
jouet
93%
corps
91%
dalle
91%
des
91%
le
91%
sous
91%
toi
91%
utilise
91%
avoir
90%
ça
90%
est
90%
kichta
90%
se
90%
fond
88%
les
88%
te
88%
veut
88%
mais
86%
maxi
86%
souhait
86%
en
84%
l'ont
84%
ta
84%
tous
84%
tu
84%
début
83%
d'la
83%
gars
83%
voulait
83%
d'l'amour
81%
mon
81%
pas
81%
que
81%
tout
81%
B
79%
tes
79%
t'es
79%
aime
78%
déçue
78%
peut
76%
prend
76%
dans
74%
démon
74%
on
74%
passé
74%
passe
74%
quand
74%
parle
72%
va
72%
et
69%
lui
69%
pour
69%
qu'elle
69%
gros
67%
jamais
67%
l'dessus
67%
équipe
66%
gamos
66%
ses
66%
vas
66%
cacher
64%
fait
64%
poches
64%
renie
64%
sms
64%
trucs
64%
vérifie
64%
appel
62%
crois
62%
inaperçue
62%
péter
62%
rentre
62%
fêter
60%
sait
60%
s'ranger
60%
suffit
60%
avec
59%
d'un
59%
sapes
59%
c'que
57%
dors
57%
qui
57%
tard
57%
donc
55%
peux
55%
s'en
55%
seul
55%
snap
55%
zappe
55%
avant
53%
carrosserie
53%
pendant
53%
sur
53%
thunes
53%
oi-t
52%
qu'tu
52%
t'arrose
52%
ton
52%
adéquat
50%
anneaux
50%
bague
50%
doigt
50%
donne
50%
encaisse
50%
enfoiré
50%
go
50%
l'oublier
50%
monter
50%
rayer
50%
toute
50%
vrai
50%
attend
48%
juste
48%
l'moment
48%
placard
48%
reuf
48%
rue
48%
t'faire
48%
vices
48%
bon
47%
c'qu'elle
47%
croit
47%
l'sud
47%
mettre
47%
pouvoir
47%
rentres
47%
tarma
47%
tess
47%
douane
45%
fout
45%
passer
45%
rien
45%
tête
45%
connaître
43%
dois
43%
faire
43%
jours
43%
meuf
43%
négro
43%
t'aime
43%
trompes
43%
côtes
41%
faut
41%
plan
41%
porte-monnaie
41%
tomber
41%
yeux
41%
aux
40%
bat
40%
besoin
40%
bien
40%
d'mande
40%
donner
40%
doux
40%
d'rentrer
40%
gova
40%
grands
40%
tej
40%
sert
38%
tacler
38%
c-sa
36%
longtemps
36%
mecs
36%
quoi
36%
regard
36%
soirée
36%
veux
36%
bobards
34%
oseille
34%
raconter
34%
rembourses
34%
t'essaie
34%
bâtard
33%
deuspi
33%
d'toi
33%
parents
31%
t'fait
31%
Paris
29%
préparée
29%
envoie-la
28%
marrant
28%
même
28%
trouve
28%
vie
28%
chantage
26%
coeur
26%
heure
26%
l'arrange
26%
apparences
24%
banlieue
24%
billet
22%
d'jà
22%
écoute
22%
attentionné
21%
coincée
21%
couilles
21%
d'flamber
21%
hommes
21%
normal
21%
paroles
21%
séparer
21%
srabs
21%
temps
21%
t'essaies
21%
tient
21%
détendue
19%
est-ce
19%
mariés
19%
déconseille
17%
fois
17%
habite
17%
j'te
17%
pareil
17%
pétasse
17%
séduit
17%
seille-o
17%
base
16%
gratté
16%
méfie-toi
16%
t'obéisse
16%
conseils
14%
d'ta
12%
sentiment
10%
zéro
10%
chemin
9%
corsé
9%
Aucun quiz correspondant
Distribution des résultats
% des personnes avec chaque résultat
Percentile par nombre de réponses
Votre historique - résultats
Vous n’avez pas pris ce quiz